|
|
|
|
| LEADER |
00000nam a2200000 a 4500 |
| 001 |
vtls008698926 |
| 003 |
SK-MaSNL |
| 005 |
20260224074139.0 |
| 008 |
060509 000 0 eng |
| 040 |
|
|
|a SNK
|b slo
|c SNK
|e AACR2
|
| 245 |
1 |
|
|a A´Rosnyói Püspöki Megyében 1828- dik ...
|
| 260 |
|
|
|a Rosnyón
|b Kek Josef Csá. Kir. Könyvnyomtató Betüivel
|c 1829
|
| 300 |
|
|
|a 104, 2 s.
|
| 999 |
|
|
|c 910400
|d 912330
|
| 952 |
|
|
|a SNK
|b SNK
|y VYP
|7 0
|p 17A0507254
|o snkSC 22901/1828 D1
|i snkK 1197/73
|3 Rekatalogizácia
|0 0
|1 0
|4 0
|d 2006-05-09
|l 0
|r 2026-02-24 07:41:39
|w 2026-02-24
|
| 952 |
|
|
|a SNK
|b SNK
|y VYP
|7 0
|p 17A0507274
|o snkSC 22901/1828 D2
|i snkK 1209/73
|3 Rekatalogizácia
|0 0
|1 0
|4 0
|d 2006-05-09
|l 0
|r 2026-02-24 07:41:39
|w 2026-02-24
|
| 952 |
|
|
|a SNK
|b SNK
|y VYP
|7 0
|p 17A0507275
|o snkSC 22901/1831 D1
|i snkF 1751/68
|3 Rekatalogizácia
|0 0
|1 0
|4 0
|d 2006-05-09
|l 0
|r 2026-02-24 07:41:39
|w 2026-02-24
|
| 952 |
|
|
|a SNK
|b SNK
|y PREZ
|7 0
|p 17A0913615
|o snkSC 22901/1828
|0 0
|1 0
|4 0
|d 2012-08-27
|l 0
|r 2025-08-20 00:00:00
|w 2026-02-24
|
| 952 |
|
|
|a SNK
|b SNK
|y PREZ
|7 0
|p 17A0913617
|o snkSC 22901/1831
|0 0
|1 0
|4 0
|d 2012-08-27
|l 0
|r 2025-08-20 00:00:00
|w 2026-02-24
|